Click the Voivodeships of Poland on a Map - Statistics

General Stats
  • This quiz has been taken 71 times
  • The average score is 10 of 16
Answers on the Map
Answers color-coded by a green-red scale on the quiz's map according to % correct below.
 
Answer Stats
Answer % Correct
West Pomeranian
85%
Greater Poland
74%
Łódź
72%
Pomeranian
69%
Masovian
67%
Silesian
67%
Warmian–Masuria
64%
Lublin
62%
Świętokrzyskie
62%
Lower Silesian
59%
Opole
59%
Lubusz
56%
Podkarpackie
56%
Podlaskie
54%
Kuyavian-Pomeranian
51%
Lesser Poland
44%
No matching quizzes found
Score Distribution
Percent of People with Each Score
Percentile by Number Answered
Your Score History
You have not taken this quiz